Farmer`s Manual (Record no. 8806)

MARC details
000 -LEADER
fixed length control field 00236nam a22000977a 4500
008 - FIXED-LENGTH DATA ELEMENTS--GENERAL INFORMATION
fixed length control field 210719b ||||| |||| 00| 0 eng d
245 ## - TITLE STATEMENT
Title Farmer`s Manual
260 ## - PUBLICATION, DISTRIBUTION, ETC.
Place of publication, distribution, etc. Tsirang :
Name of publisher, distributor, etc. ICIMOD,
Date of publication, distribution, etc. 2017.
300 ## - PHYSICAL DESCRIPTION
Extent 48 p.
Other physical details ill,
Dimensions 24 cm.
942 ## - Added entry Elements (Koha)
Source of classification or shelving scheme Dewey Decimal Classification
Holdings
Withdrawn status Lost status Source of classification or shelving scheme Damaged status Not for loan Collection code Home library Current library Shelving location Date acquired Serial Enumeration / chronology Total Checkouts Full call number Barcode Date last seen Price effective from Koha item type
    Dewey Decimal Classification     Periodicals RTC Library RTC Library Periodicals 19/07/2021 16105   Periodical Serials 30015053 19/07/2021 19/07/2021 Periodicals
Royal Thimphu College || All Right Reserved